000 005700000a22002050004500
003 LK-CoMWRAF
005 20230930225207.0
008 230817t ||||| |||| 00| 0 eng d
020 _a0860370224
040 _aLK-CoMWRAF
_dLK-CoMWRAF
_eLK-CoMWRAF
041 _aeng
082 _a297.63
_bSAR
100 _aSardar, Ziauddin
245 _aMuhammad :
_bAspects of his Biography
260 _aU.K. :
_bThe Islamic foundation,
_c1978
300 _a68p. : ill(some col.), 1facsim.,maps ; 25cm.
650 _aMuhammad
650 _aAspects of his Biography
942 _cBK
999 _c1937
_d1937